<?xml version="1.0" encoding="UTF-8"?>
<record
    xmlns:xsi="http://www.w3.org/2001/XMLSchema-instance"
    xsi:schemaLocation="http://www.loc.gov/MARC21/slim http://www.loc.gov/standards/marcxml/schema/MARC21slim.xsd"
    xmlns="http://www.loc.gov/MARC21/slim">

  <leader>00490nam a22001697a 4500</leader>
  <datafield tag="999" ind1=" " ind2=" ">
    <subfield code="c">62262</subfield>
    <subfield code="d">62262</subfield>
  </datafield>
  <controlfield tag="005">20240906165308.0</controlfield>
  <controlfield tag="008">240906c2010    enk||||| |||| 00| 0 eng d</controlfield>
  <datafield tag="022" ind1=" " ind2=" ">
    <subfield code="a">0017 8322</subfield>
  </datafield>
  <datafield tag="041" ind1=" " ind2=" ">
    <subfield code="a">eng</subfield>
  </datafield>
  <datafield tag="245" ind1=" " ind2=" ">
    <subfield code="a">Hastings Law Journal :</subfield>
    <subfield code="b">2010 /</subfield>
    <subfield code="c"> Editor J. P. Baslaum.</subfield>
  </datafield>
  <datafield tag="260" ind1=" " ind2=" ">
    <subfield code="a">California, </subfield>
    <subfield code="c">2010.</subfield>
  </datafield>
  <datafield tag="300" ind1=" " ind2=" ">
    <subfield code="a">V.</subfield>
  </datafield>
  <datafield tag="653" ind1=" " ind2=" ">
    <subfield code="a">&#x10E1;&#x10D0;&#x10DB;&#x10D0;&#x10E0;&#x10D7;&#x10D0;&#x10DA;&#x10D8; </subfield>
  </datafield>
  <datafield tag="653" ind1=" " ind2=" ">
    <subfield code="a">&#x10DE;&#x10D4;&#x10E0;&#x10D8;&#x10DD;&#x10D3;&#x10D8;&#x10D9;&#x10D0;</subfield>
  </datafield>
  <datafield tag="700" ind1=" " ind2=" ">
    <subfield code="a"> Baslaum, J. P.</subfield>
    <subfield code="e">&#x10E0;&#x10D4;&#x10D3;&#x10D0;&#x10E5;&#x10E2;&#x10DD;&#x10E0;&#x10D8;</subfield>
    <subfield code="9">23177</subfield>
  </datafield>
  <datafield tag="942" ind1=" " ind2=" ">
    <subfield code="2">udc</subfield>
    <subfield code="c">CR</subfield>
  </datafield>
  <datafield tag="952" ind1=" " ind2=" ">
    <subfield code="0">0</subfield>
    <subfield code="1">0</subfield>
    <subfield code="2">udc</subfield>
    <subfield code="4">0</subfield>
    <subfield code="7">0</subfield>
    <subfield code="9">100183</subfield>
    <subfield code="a">CPL</subfield>
    <subfield code="b">CPL</subfield>
    <subfield code="c">GEN</subfield>
    <subfield code="d">2024-09-06</subfield>
    <subfield code="h">Vol. 61. # 4 March 2010</subfield>
    <subfield code="p">81315</subfield>
    <subfield code="r">2024-09-06</subfield>
    <subfield code="t">81315</subfield>
    <subfield code="w">2024-09-06</subfield>
    <subfield code="y">CR</subfield>
  </datafield>
  <datafield tag="952" ind1=" " ind2=" ">
    <subfield code="0">0</subfield>
    <subfield code="1">0</subfield>
    <subfield code="2">udc</subfield>
    <subfield code="4">0</subfield>
    <subfield code="7">0</subfield>
    <subfield code="9">100184</subfield>
    <subfield code="a">CPL</subfield>
    <subfield code="b">CPL</subfield>
    <subfield code="c">GEN</subfield>
    <subfield code="d">2024-09-06</subfield>
    <subfield code="h">Vol. 61. # 5 May 2010</subfield>
    <subfield code="p">81316</subfield>
    <subfield code="r">2024-09-06</subfield>
    <subfield code="t">81316</subfield>
    <subfield code="w">2024-09-06</subfield>
    <subfield code="y">CR</subfield>
  </datafield>
  <datafield tag="952" ind1=" " ind2=" ">
    <subfield code="0">0</subfield>
    <subfield code="1">0</subfield>
    <subfield code="2">udc</subfield>
    <subfield code="4">0</subfield>
    <subfield code="7">0</subfield>
    <subfield code="9">100185</subfield>
    <subfield code="a">CPL</subfield>
    <subfield code="b">CPL</subfield>
    <subfield code="c">GEN</subfield>
    <subfield code="d">2024-09-06</subfield>
    <subfield code="h">Vol. 61. # 6 July 2010</subfield>
    <subfield code="p">81317</subfield>
    <subfield code="r">2024-09-06</subfield>
    <subfield code="t">81317</subfield>
    <subfield code="w">2024-09-06</subfield>
    <subfield code="y">CR</subfield>
  </datafield>
  <datafield tag="952" ind1=" " ind2=" ">
    <subfield code="0">0</subfield>
    <subfield code="1">0</subfield>
    <subfield code="2">udc</subfield>
    <subfield code="4">0</subfield>
    <subfield code="7">0</subfield>
    <subfield code="9">100186</subfield>
    <subfield code="a">CPL</subfield>
    <subfield code="b">CPL</subfield>
    <subfield code="c">GEN</subfield>
    <subfield code="d">2024-09-06</subfield>
    <subfield code="h">Vol. 62. # 1 November 2010</subfield>
    <subfield code="p">81318</subfield>
    <subfield code="r">2024-09-06</subfield>
    <subfield code="t">81318</subfield>
    <subfield code="w">2024-09-06</subfield>
    <subfield code="y">CR</subfield>
  </datafield>
  <datafield tag="952" ind1=" " ind2=" ">
    <subfield code="0">0</subfield>
    <subfield code="1">0</subfield>
    <subfield code="2">udc</subfield>
    <subfield code="4">0</subfield>
    <subfield code="7">0</subfield>
    <subfield code="9">100187</subfield>
    <subfield code="a">CPL</subfield>
    <subfield code="b">CPL</subfield>
    <subfield code="c">GEN</subfield>
    <subfield code="d">2024-09-06</subfield>
    <subfield code="h">Vol. 62. # 2 December 2010</subfield>
    <subfield code="p">81319</subfield>
    <subfield code="r">2024-09-06</subfield>
    <subfield code="t">81319</subfield>
    <subfield code="w">2024-09-06</subfield>
    <subfield code="y">CR</subfield>
  </datafield>
</record>
